Z prvej ruky /
Saved in:
| Main Author: | |
|---|---|
| Format: | Book |
| Language: | Slovak |
| Published: |
Bratislava :
Archa,
1991
|
| Edition: | 1.vyd. |
| Tags: |
No Tags, Be the first to tag this record!
|
MARC
| LEADER | 00000nam a22000003a 4500 | ||
|---|---|---|---|
| 001 | stu830 | ||
| 005 | 20150617225618.4 | ||
| 008 | 911126s1991----cs------------------slo-d | ||
| 020 | |a 80-7115-017-7 | ||
| 040 | |a STU |b slo | ||
| 041 | 0 | |a slo | |
| 044 | |a cs | ||
| 080 | |a 943.7"1989" |7 1823 | ||
| 100 | 1 | |a Gál, Fedor |4 aut | |
| 245 | 1 | |a Z prvej ruky / |c [aut.] Gál,Fedor | |
| 250 | |a 1.vyd. | ||
| 260 | |a Bratislava : |b Archa, |c 1991 | ||
| 300 | |a 174 s : |b Obr | ||
| 996 | |b E75418 |c R*75418 |l RRUM |s A |a 24 |w stu830_0001 | ||
| 996 | |b 284EK07300 |c E*77490 |l EE01 |s A |a 24 |w stu830_0002 | ||